000 00652nam a2200205Ii 4500
003 JO-AjNU
008 230605s9999||||xx |||||||||||||| ||und||
040 _aJO-AjNU
_bara
_erda
_cJO-AjNU
041 _aara
050 1 4 _aN70.H87 1982
100 3 _aالحسيني ،نبيل تأليف,
_eauthor
_919468
245 0 0 _aمنابع الرؤية فى الفن
250 _aط1
264 3 1 _aبيروت:المركز العربي للثقافة والعلوم،1982
300 _a201ص
336 _atext
_btxt
_2rdacontent
337 _aunmediated
_bn
_2rdamedia
338 _avolume
_bnc
_2rdacarrier
650 4 _aفن - فلسفة- فن - مصر
_919469
999 _aA6430
_c9998
_d9998